000 00422nam a2200169 a 4500
001 0000-9330
003 ELIB.Books
008 110520 1973
035 _a(ELIB.Books)0000-9482
082 _a253
_bSug
100 _aSugden Howard F.
245 _aWhen Pastors Wonder How
260 _bChicago: Moody Press
_c1973
650 _aPastoral Theology
942 _2ddc
_cBK
998 _cbat
_e2011-05-20
999 _c9330
_d9330